| 000 | 00788nmc a2200265 a 4500 | ||
|---|---|---|---|
| 003 | AR-BaBNM | ||
| 005 | 20251128211806.0 | ||
| 008 | 176020s2005 ||||||||||||||000 | spa|| | ||
| 020 | _a84-277-1487-4 | ||
| 040 | _cAR-BaBNM | ||
| 100 | 1 | _aKnight, Peter T. | |
| 245 | 1 | 0 |
_aEl profesorado de educación superior _bformación para la excelencia |
| 260 |
_aMadrid _bNarcea _c2005 |
||
| 300 | 0 | _a286 p. | |
| 490 | 0 | _aUniversitaria | |
| 500 | 1 | _aEjemplar no. 142113 dice en contraportada: 2ª ed. del 2006", pero tiene igual ISBN y nº de págs. que la ed. del 2005 | |
| 650 | 4 | _aUNIVERSIDADES | |
| 650 | 4 | _aPROFESORES | |
| 650 | 4 | _aDESARROLLO PROFESIONAL | |
| 650 | 4 | _aDIDACTICA | |
| 650 | 4 | _aEVALUACION | |
| 653 | 0 | _aEDUCACION SUPERIOR | |
| 942 | _cBK | ||
| 998 | _cme-solo cat | ||
| 999 |
_c21137 _d21137 |
||